000 00612nam a2200193Ia 4500
005 20250508160217.0
008 008 250505s9999 xx 000 0 eng d
037 _aBooks to be hide in OPAC
040 _aFEDL
_beng
_cFEDL
041 _aeng
_2eng
084 _qFEDL
100 _aSmith Anna Tolman
_9767996
245 0 _aSecondary schools in the states of central America, South America, and the West Indies: Scholastic scope and standards
260 _aWashington, USA
_bU.S. Government Printing Office
_c1915
300 _a40p.
546 _aWeeded out
942 _cHB
999 _c1362695
_d1362695